| 000 | 00693nam a2200217Ia 4500 | ||
|---|---|---|---|
| 003 | GCL | ||
| 008 | 140319s9999 xx 000 0 ara d | ||
| 020 | _a5090281977 | ||
| 040 |
_aGCL / _cGCL |
||
| 082 | 0 | 4 |
_a601 _bا م |
| 100 | 1 | _aاحمد شوقى | |
| 245 | 1 | 0 |
_aمغزى القرن العشرين : _bتأملات فى ثورة العلم والتكنولوجيا / _cاحمد شوقى |
| 260 |
_aالقاهرة : _bالمكتبة الاكاديمية ، _c2000 |
||
| 300 |
_a40 ص ؛ _c26 سم |
||
| 490 |
_aكراسات مستقبلية _v0 |
||
| 650 | 0 | 4 | _aالوراثة |
| 650 | 0 | 4 | _aالتكنولوجيا |
| 650 | 0 | 4 | _aالعلوم |
| 650 | 0 | 4 | _aالطاقة |
| 942 |
_2ddc _cBK |
||
| 999 |
_c322 _d322 |
||